[Event "Campeonato de España Blitz 2017"]
[Site "Linares"]
[Date "2017.08.12"]
[Round "6"]
[White "Lopez Mulet, Inigo"]
[Black "Rubio Mejia, Luis Ignacio"]
[Result "1-0"]
[Board "11"]
[WhiteTitle "FM"]
[WhiteElo "2255"]
[WhiteCountry "ESP"]
[WhiteFideId "22235620"]
[WhiteEloChange "15"]
[BlackTitle "IM"]
[BlackElo "2443"]
[BlackCountry "ESP"]
[BlackFideId "2281228"]
[BlackEloChange "-7"]

1. d4 {[%clk 0:03:02]} Nf6 {[%clk 0:03:03]} 2. c4 {[%clk 0:03:03]} e6 {[%clk
0:03:03]} 3. g3 {[%clk 0:03:05]} d5 {[%clk 0:03:00]} 4. Bg2 {[%clk 0:03:06]} Bb4+
{[%clk 0:03:00]} 5. Bd2 {[%clk 0:03:03]} Bd6 {[%clk 0:03:00]} 6. Nc3 {[%clk
0:03:00]} c6 {[%clk 0:02:53]} 7. Nf3 {[%clk 0:02:57]} O-O {[%clk 0:02:48]} 8. Qc2
{[%clk 0:02:57]} Nbd7 {[%clk 0:02:45]} 9. e4 {[%clk 0:02:58]} Be7 {[%clk
0:02:18]} 10. O-O {[%clk 0:02:54]} dxc4 {[%clk 0:01:41]} 11. a4 {[%clk 0:02:41]}
b6 {[%clk 0:01:31]} 12. e5 {[%clk 0:02:36]} Nd5 {[%clk 0:01:29]} 13. Ne4 {[%clk
0:02:38]} Ba6 {[%clk 0:01:17]} 14. Rfd1 {[%clk 0:02:25]} c5 {[%clk 0:01:00]} 15.
Bg5 {[%clk 0:02:01]} h6 {[%clk 0:00:53]} 16. Bxe7 {[%clk 0:01:58]} Qxe7 {[%clk
0:00:54]} 17. h4 {[%clk 0:01:30]} cxd4 {[%clk 0:00:46]} 18. Rxd4 {[%clk 0:01:30]}
Nc5 {[%clk 0:00:42]} 19. Rad1 {[%clk 0:00:51]} Nb3 {[%clk 0:00:35]} 20. Rxd5
{[%clk 0:00:45]} exd5 {[%clk 0:00:35]} 21. Neg5 {[%clk 0:00:22]} hxg5 {[%clk
0:00:10]} 22. Nxg5 {[%clk 0:00:23]} g6 {[%clk 0:00:11]} 23. Bxd5 {[%clk 0:00:24]}
Kg7 {[%clk 0:00:12]} 24. Bxa8 {[%clk 0:00:25]} Rxa8 {[%clk 0:00:11]} 25. e6
{[%clk 0:00:22]} Rd8 {[%clk 0:00:07]} 26. Rxd8 {[%clk 0:00:05]} Qxd8 {[%clk
0:00:08]} 27. exf7 {[%clk 0:00:06]} Qf6 {[%clk 0:00:06]} 28. f8Q+ {[%clk
0:00:03]} Kxf8 {[%clk 0:00:06]} 29. Nh7+ {[%clk 0:00:05]} Kg7 {[%clk 0:00:06]}
30. Nxf6 Kxf6 {[%clk 0:00:06]} 31. Qc3+ Kf7 {[%clk 0:00:09]} 32. Qe5 {[%clk
0:00:10]} Nc5 {[%clk 0:00:08]} 33. Qc7+ {[%clk 0:00:11]} Kf6 {[%clk 0:00:09]} 34.
Qxa7 {[%clk 0:00:11]} Bc8 {[%clk 0:00:02]} 35. Qxb6+ {[%clk 0:00:13]} Ne6 {[%clk
0:00:11]} 36. a5 {[%clk 0:00:13]} 1-0

[Event "Campeonato de España Blitz 2017"]
[Site "Linares"]
[Date "2017.08.12"]
[Round "6"]
[White "Tejedor Fuente, Enrique"]
[Black "Martin Rueda, Daniel"]
[Result "1-0"]
[Board "12"]
[WhiteTitle "FM"]
[WhiteElo "2430"]
[WhiteCountry "ESP"]
[WhiteFideId "2299100"]
[WhiteEloChange "3"]
[BlackTitle "FM"]
[BlackElo "2265"]
[BlackCountry "ESP"]
[BlackFideId "2226847"]
[BlackEloChange "-6"]

1. e4 {[%clk 0:03:04]} c5 {[%clk 0:03:03]} 2. Nf3 {[%clk 0:03:04]} d6 {[%clk
0:03:03]} 3. Bb5+ {[%clk 0:03:04]} Bd7 {[%clk 0:03:04]} 4. a4 {[%clk 0:02:51]}
Nc6 {[%clk 0:02:35]} 5. c3 {[%clk 0:02:51]} e6 {[%clk 0:02:24]} 6. O-O {[%clk
0:02:50]} Nf6 {[%clk 0:02:21]} 7. Re1 {[%clk 0:02:51]} Be7 {[%clk 0:02:21]} 8. d4
{[%clk 0:02:51]} cxd4 {[%clk 0:02:19]} 9. cxd4 {[%clk 0:02:52]} d5 {[%clk
0:02:15]} 10. e5 {[%clk 0:02:51]} Ne4 {[%clk 0:02:12]} 11. Nc3 {[%clk 0:02:00]}
a6 {[%clk 0:01:29]} 12. Bd3 {[%clk 0:01:55]} Nb4 {[%clk 0:01:20]} 13. Bb1 {[%clk
0:01:36]} Bc6 {[%clk 0:01:28]} 14. Nd2 {[%clk 0:01:23]} Nxd2 {[%clk 0:01:09]} 15.
Bxd2 {[%clk 0:01:24]} Qb6 {[%clk 0:01:07]} 16. Be3 {[%clk 0:00:53]} h5 {[%clk
0:00:57]} 17. a5 {[%clk 0:00:45]} Qc7 {[%clk 0:00:50]} 18. Qb3 {[%clk 0:00:37]}
h4 {[%clk 0:00:26]} 19. h3 {[%clk 0:00:27]} g5 {[%clk 0:00:24]} 20. Bd2 {[%clk
0:00:29]} Bd7 {[%clk 0:00:15]} 21. Nd1 {[%clk 0:00:28]} Qc4 {[%clk 0:00:13]} 22.
Qe3 {[%clk 0:00:15]} Nc2 {[%clk 0:00:10]} 23. Bxc2 {[%clk 0:00:16]} Qxc2 {[%clk
0:00:10]} 24. Rc1 {[%clk 0:00:10]} Qf5 {[%clk 0:00:10]} 25. Qb3 {[%clk 0:00:07]}
g4 {[%clk 0:00:05]} 26. Ne3 {[%clk 0:00:05]} Qe4 {[%clk 0:00:04]} 27. Nxg4 Qxd4
{[%clk 0:00:05]} 28. Qxb7 {[%clk 0:00:04]} Rd8 {[%clk 0:00:06]} 29. Be3 {[%clk
0:00:04]} Qe4 30. Bb6 {[%clk 0:00:05]} Qf4 31. Bxd8 {[%clk 0:00:06]} Bxd8 {[%clk
0:00:07]} 32. Qxa6 {[%clk 0:00:04]} Rg8 {[%clk 0:00:08]} 33. Qe2 {[%clk 0:00:04]}
Bxa5 {[%clk 0:00:08]} 34. Red1 {[%clk 0:00:05]} Bb6 {[%clk 0:00:02]} 35. Nf6+
{[%clk 0:00:05]} Kf8 {[%clk 0:00:02]} 36. Nxd7+ {[%clk 0:00:04]} Kg7 {[%clk
0:00:02]} 37. Nxb6 {[%clk 0:00:04]} 1-0

[Event "Campeonato de España Blitz 2017"]
[Site "Linares"]
[Date "2017.08.12"]
[Round "7"]
[White "Anton Guijarro, David"]
[Black "Santos Latasa, Jaime"]
[Result "1/2-1/2"]
[Board "1"]
[WhiteTitle "GM"]
[WhiteElo "2620"]
[WhiteCountry "ESP"]
[WhiteFideId "2285525"]
[WhiteEloChange "-2"]
[BlackTitle "IM"]
[BlackElo "2478"]
[BlackCountry "ESP"]
[BlackFideId "2293307"]
[BlackEloChange "2"]

1. Nf3 {[%clk 0:03:03]} Nf6 {[%clk 0:02:54]} 2. b3 {[%clk 0:03:03]} g6 {[%clk
0:03:00]} 3. Bb2 {[%clk 0:03:04]} Bg7 {[%clk 0:03:01]} 4. g3 {[%clk 0:03:05]} O-O
{[%clk 0:03:00]} 5. Bg2 {[%clk 0:03:05]} d5 {[%clk 0:02:54]} 6. c4 {[%clk
0:03:02]} c6 {[%clk 0:02:47]} 7. O-O {[%clk 0:03:01]} Bg4 {[%clk 0:02:48]} 8. d3
{[%clk 0:03:01]} Nbd7 {[%clk 0:02:42]} 9. Nbd2 {[%clk 0:02:52]} Bxf3 {[%clk
0:02:36]} 10. Nxf3 {[%clk 0:02:44]} e6 {[%clk 0:02:37]} 11. Qc2 {[%clk 0:03:00]}
Qe7 {[%clk 0:02:38]} 12. Rac1 {[%clk 0:02:58]} Rfd8 {[%clk 0:02:30]} 13. e3
{[%clk 0:02:58]} Ne8 {[%clk 0:02:29]} 14. Bxg7 {[%clk 0:02:50]} Kxg7 {[%clk
0:02:29]} 15. Qb2+ {[%clk 0:02:48]} Qf6 {[%clk 0:02:28]} 16. d4 {[%clk 0:02:45]}
Qe7 {[%clk 0:02:24]} 17. b4 {[%clk 0:02:39]} Nd6 {[%clk 0:02:23]} 18. Nd2 {[%clk
0:02:40]} Nb6 {[%clk 0:02:16]} 19. cxd5 {[%clk 0:02:14]} cxd5 {[%clk 0:02:15]}
20. Rfd1 {[%clk 0:02:05]} Rac8 {[%clk 0:02:13]} 21. Bf1 {[%clk 0:02:01]} Rxc1
{[%clk 0:02:04]} 22. Rxc1 {[%clk 0:02:02]} Rc8 {[%clk 0:02:06]} 23. Rxc8 {[%clk
0:01:53]} Nbxc8 {[%clk 0:02:07]} 24. Qc3 {[%clk 0:01:48]} Nb6 {[%clk 0:02:07]}
25. Qc5 {[%clk 0:01:44]} Qd7 {[%clk 0:01:50]} 26. b5 {[%clk 0:01:21]} Qd8 {[%clk
0:01:42]} 27. a4 {[%clk 0:01:01]} Nxa4 {[%clk 0:01:29]} 28. Qxa7 {[%clk 0:01:01]}
Nb6 {[%clk 0:01:21]} 29. Nb3 {[%clk 0:00:54]} Nbc4 {[%clk 0:01:23]} 30. Nc5
{[%clk 0:00:49]} Qb6 {[%clk 0:01:21]} 31. Qxb6 {[%clk 0:00:26]} Nxb6 {[%clk
0:01:22]} 32. f3 {[%clk 0:00:25]} Nbc8 {[%clk 0:01:07]} 33. Kf2 {[%clk 0:00:21]}
b6 {[%clk 0:01:07]} 34. Na4 {[%clk 0:00:20]} Kf8 {[%clk 0:01:06]} 35. Bd3 {[%clk
0:00:20]} f5 {[%clk 0:01:06]} 36. h3 {[%clk 0:00:20]} Ke7 {[%clk 0:01:05]} 37. g4
{[%clk 0:00:20]} Kf6 {[%clk 0:01:03]} 38. Kg3 {[%clk 0:00:20]} Na7 {[%clk
0:01:00]} 39. Nxb6 {[%clk 0:00:19]} Naxb5 {[%clk 0:01:01]} 40. h4 {[%clk
0:00:11]} fxg4 {[%clk 0:00:59]} 41. fxg4 {[%clk 0:00:12]} Nc3 {[%clk 0:00:57]}
42. Nd7+ {[%clk 0:00:12]} Ke7 {[%clk 0:00:56]} 43. Nc5 {[%clk 0:00:13]} Nd1
{[%clk 0:00:51]} 44. Kf3 {[%clk 0:00:13]} Nb2 {[%clk 0:00:52]} 45. Be2 {[%clk
0:00:12]} Nbc4 {[%clk 0:00:53]} 46. Kf4 {[%clk 0:00:11]} Nf7 {[%clk 0:00:50]} 47.
g5 {[%clk 0:00:05]} e5+ {[%clk 0:00:49]} 48. dxe5 {[%clk 0:00:06]} Ncxe5 {[%clk
0:00:50]} 49. Nd3 {[%clk 0:00:06]} Kd6 {[%clk 0:00:48]} 50. Nxe5 {[%clk 0:00:07]}
Nxe5 {[%clk 0:00:49]} 51. Bf1 {[%clk 0:00:07]} Ke6 {[%clk 0:00:49]} 52. Bh3+
{[%clk 0:00:06]} Kd6 {[%clk 0:00:50]} 53. Bf1 {[%clk 0:00:07]} Ke6 {[%clk
0:00:51]} 54. Bb5 {[%clk 0:00:08]} Kd6 {[%clk 0:00:51]} 55. Be2 {[%clk 0:00:05]}
Nd7 {[%clk 0:00:50]} 56. Bd3 {[%clk 0:00:06]} Nc5 {[%clk 0:00:49]} 57. Bc2 Ne6+
{[%clk 0:00:51]} 58. Kg4 Ke5 {[%clk 0:00:50]} 59. h5 {[%clk 0:00:07]} d4 {[%clk
0:00:47]} 60. exd4+ {[%clk 0:00:04]} Nxd4 {[%clk 0:00:45]} 61. hxg6 {[%clk
0:00:05]} hxg6 {[%clk 0:00:46]} 62. Bxg6 {[%clk 0:00:05]} Ne6 {[%clk 0:00:47]}
63. Bf5 {[%clk 0:00:06]} Nxg5 {[%clk 0:00:48]} 64. Kxg5 {[%clk 0:00:06]} 1/2-1/2

[Event "Campeonato de España Blitz 2017"]
[Site "Linares"]
[Date "2017.08.12"]
[Round "7"]
[White "Moreno Ruiz, Javier"]
[Black "Vallejo Pons, Francisco"]
[Result "1-0"]
[Board "2"]
[WhiteTitle "IM"]
[WhiteElo "2444"]
[WhiteCountry "ESP"]
[WhiteFideId "2203146"]
[WhiteEloChange "8"]
[BlackTitle "GM"]
[BlackElo "2677"]
[BlackCountry "ESP"]
[BlackFideId "2205530"]
[BlackEloChange "-8"]

1. d4 {[%clk 0:03:03]} Nf6 {[%clk 0:03:03]} 2. c4 {[%clk 0:03:04]} e6 {[%clk
0:03:05]} 3. Nc3 {[%clk 0:03:06]} Bb4 {[%clk 0:03:06]} 4. f3 {[%clk 0:03:07]} d5
{[%clk 0:02:58]} 5. a3 {[%clk 0:03:08]} Bxc3+ {[%clk 0:02:58]} 6. bxc3 {[%clk
0:03:09]} c6 {[%clk 0:02:57]} 7. Qc2 {[%clk 0:03:02]} b6 {[%clk 0:02:43]} 8. e4
{[%clk 0:03:01]} Ba6 {[%clk 0:02:44]} 9. a4 {[%clk 0:02:38]} dxc4 {[%clk
0:02:02]} 10. Ba3 {[%clk 0:02:29]} Qc7 {[%clk 0:01:19]} 11. Nh3 {[%clk 0:02:25]}
c5 {[%clk 0:01:20]} 12. Be2 {[%clk 0:01:49]} Nbd7 {[%clk 0:01:19]} 13. O-O {[%clk
0:01:47]} h6 {[%clk 0:01:18]} 14. f4 {[%clk 0:01:32]} O-O {[%clk 0:01:13]} 15. f5
{[%clk 0:01:21]} e5 {[%clk 0:00:38]} 16. d5 {[%clk 0:01:22]} Ne8 {[%clk 0:00:39]}
17. Nf2 {[%clk 0:01:13]} Nd6 {[%clk 0:00:39]} 18. Ng4 {[%clk 0:01:11]} f6 {[%clk
0:00:40]} 19. Bc1 {[%clk 0:01:07]} Kf7 {[%clk 0:00:41]} 20. Ne3 {[%clk 0:01:04]}
Ke7 {[%clk 0:00:36]} 21. Bh5 {[%clk 0:01:00]} Bb7 {[%clk 0:00:25]} 22. Be2 {[%clk
0:00:58]} Ba6 {[%clk 0:00:18]} 23. Rf3 {[%clk 0:00:59]} Rg8 {[%clk 0:00:14]} 24.
Rg3 {[%clk 0:00:59]} Raf8 {[%clk 0:00:14]} 25. Bd2 {[%clk 0:00:58]} Kd8 {[%clk
0:00:14]} 26. h4 {[%clk 0:00:41]} Kc8 {[%clk 0:00:15]} 27. Rf3 {[%clk 0:00:41]}
Kd8 {[%clk 0:00:15]} 28. Rg3 {[%clk 0:00:36]} Kc8 {[%clk 0:00:18]} 29. Rf3 {[%clk
0:00:36]} Kd8 {[%clk 0:00:18]} 30. Rg3 {[%clk 0:00:37]} Kc8 {[%clk 0:00:21]} 31.
Rf3 {[%clk 0:00:37]} Kd8 {[%clk 0:00:21]} 32. Rg3 {[%clk 0:00:37]} Kc8 {[%clk
0:00:24]} 33. Rf3 {[%clk 0:00:39]} Kb8 {[%clk 0:00:26]} 34. Rff1 {[%clk 0:00:38]}
Re8 {[%clk 0:00:23]} 35. Rfb1 {[%clk 0:00:33]} g6 {[%clk 0:00:24]} 36. fxg6
{[%clk 0:00:30]} Rxg6 {[%clk 0:00:25]} 37. a5 {[%clk 0:00:31]} Bc8 {[%clk
0:00:11]} 38. axb6 {[%clk 0:00:30]} axb6 {[%clk 0:00:13]} 39. Nxc4 {[%clk
0:00:32]} Nxc4 {[%clk 0:00:12]} 40. Bxc4 {[%clk 0:00:32]} Reg8 {[%clk 0:00:13]}
41. Bf1 {[%clk 0:00:33]} Bb7 {[%clk 0:00:09]} 42. c4 {[%clk 0:00:32]} Rg4 {[%clk
0:00:08]} 43. Be1 {[%clk 0:00:30]} Qd8 {[%clk 0:00:06]} 44. Qa2 {[%clk 0:00:28]}
Qc7 {[%clk 0:00:06]} 45. Qa7+ {[%clk 0:00:28]} Kc8 {[%clk 0:00:06]} 46. Qa2
{[%clk 0:00:26]} Rxe4 {[%clk 0:00:08]} 47. Bf2 {[%clk 0:00:24]} Reg4 {[%clk
0:00:09]} 48. Qd2 {[%clk 0:00:21]} h5 {[%clk 0:00:08]} 49. Qh6 {[%clk 0:00:22]}
Qd6 {[%clk 0:00:06]} 50. Qxh5 {[%clk 0:00:23]} Bxd5 {[%clk 0:00:04]} 51. Rd1
{[%clk 0:00:10]} 1-0

[Event "Campeonato de España Blitz 2017"]
[Site "Linares"]
[Date "2017.08.12"]
[Round "7"]
[White "Cuenca Jimenez, Jose Fernando"]
[Black "Bruzon Batista, Lazaro"]
[Result "0-1"]
[Board "3"]
[WhiteTitle "GM"]
[WhiteElo "2415"]
[WhiteCountry "ESP"]
[WhiteFideId "2255570"]
[WhiteEloChange "-2"]
[BlackTitle "GM"]
[BlackElo "2662"]
[BlackCountry "CUB"]
[BlackFideId "3503739"]
[BlackEloChange "2"]

1. Nf3 {[%clk 0:03:02]} Nf6 {[%clk 0:03:00]} 2. c4 {[%clk 0:03:04]} e6 {[%clk
0:03:01]} 3. g3 {[%clk 0:02:56]} d5 {[%clk 0:03:02]} 4. d4 {[%clk 0:02:55]} Bb4+
{[%clk 0:03:01]} 5. Bd2 {[%clk 0:02:57]} Be7 {[%clk 0:03:02]} 6. Bg2 {[%clk
0:02:58]} c6 {[%clk 0:03:03]} 7. O-O {[%clk 0:02:57]} O-O {[%clk 0:03:03]} 8. Bf4
{[%clk 0:02:48]} dxc4 {[%clk 0:03:04]} 9. Qc2 {[%clk 0:02:37]} b5 {[%clk
0:03:02]} 10. Rd1 {[%clk 0:02:18]} Nd5 {[%clk 0:02:50]} 11. Bd2 {[%clk 0:02:07]}
Nd7 {[%clk 0:02:49]} 12. a4 {[%clk 0:01:54]} Bb7 {[%clk 0:02:49]} 13. b3 {[%clk
0:01:44]} cxb3 {[%clk 0:02:43]} 14. Qxb3 {[%clk 0:01:45]} a6 {[%clk 0:02:37]} 15.
Nc3 {[%clk 0:01:19]} N5b6 {[%clk 0:02:12]} 16. e4 {[%clk 0:01:11]} b4 {[%clk
0:02:09]} 17. Ne2 {[%clk 0:01:03]} a5 {[%clk 0:02:04]} 18. Nf4 {[%clk 0:00:52]}
c5 {[%clk 0:02:03]} 19. d5 {[%clk 0:00:25]} c4 {[%clk 0:02:01]} 20. Qc2 {[%clk
0:00:27]} exd5 {[%clk 0:01:58]} 21. exd5 {[%clk 0:00:28]} Bf6 {[%clk 0:01:52]}
22. Rac1 {[%clk 0:00:20]} Rc8 {[%clk 0:01:41]} 23. Be3 {[%clk 0:00:21]} b3 {[%clk
0:01:40]} 24. Qf5 {[%clk 0:00:10]} g6 {[%clk 0:01:27]} 25. Qe4 {[%clk 0:00:06]}
c3 {[%clk 0:01:18]} 26. Nd4 {[%clk 0:00:05]} c2 {[%clk 0:01:16]} 27. Re1 {[%clk
0:00:05]} Bxd4 {[%clk 0:01:11]} 28. Bxd4 {[%clk 0:00:05]} Re8 {[%clk 0:01:08]}
29. Ne6 {[%clk 0:00:04]} Rxe6 {[%clk 0:01:08]} 30. dxe6 {[%clk 0:00:04]} Bxe4
{[%clk 0:01:08]} 0-1

[Event "Campeonato de España Blitz 2017"]
[Site "Linares"]
[Date "2017.08.12"]
[Round "7"]
[White "Korneev, Oleg"]
[Black "Valles Moreno, Ivan"]
[Result "1/2-1/2"]
[Board "4"]
[WhiteTitle "GM"]
[WhiteElo "2578"]
[WhiteCountry "ESP"]
[WhiteFideId "4156803"]
[WhiteEloChange "-2"]
[BlackTitle "IM"]
[BlackElo "2437"]
[BlackCountry "ESP"]
[BlackFideId "2205688"]
[BlackEloChange "2"]

1. e4 {[%clk 0:03:04]} c5 {[%clk 0:03:03]} 2. Nf3 {[%clk 0:03:05]} d6 {[%clk
0:03:05]} 3. d4 {[%clk 0:03:06]} cxd4 {[%clk 0:03:06]} 4. Nxd4 {[%clk 0:03:07]}
Nf6 {[%clk 0:03:07]} 5. Nc3 {[%clk 0:03:09]} g6 {[%clk 0:03:08]} 6. Be3 {[%clk
0:03:10]} Nc6 {[%clk 0:03:09]} 7. f3 {[%clk 0:03:11]} e5 {[%clk 0:03:10]} 8. Nde2
{[%clk 0:01:53]} Be6 {[%clk 0:03:10]} 9. Qd2 {[%clk 0:01:15]} d5 {[%clk 0:03:11]}
10. exd5 {[%clk 0:01:16]} Nxd5 {[%clk 0:03:12]} 11. Nxd5 {[%clk 0:01:17]} Qxd5
{[%clk 0:03:13]} 12. Qxd5 {[%clk 0:01:17]} Bxd5 {[%clk 0:03:13]} 13. O-O-O {[%clk
0:01:16]} O-O-O {[%clk 0:03:10]} 14. Nc3 {[%clk 0:01:12]} Be6 {[%clk 0:03:06]}
15. Bb5 {[%clk 0:01:11]} Bb4 {[%clk 0:02:02]} 16. Bxc6 {[%clk 0:01:04]} bxc6
{[%clk 0:02:03]} 17. Ne4 {[%clk 0:01:04]} f5 {[%clk 0:01:43]} 18. Bc5 {[%clk
0:00:42]} fxe4 {[%clk 0:01:37]} 19. Bxb4 {[%clk 0:00:43]} exf3 {[%clk 0:01:36]}
20. gxf3 {[%clk 0:00:44]} Rxd1+ {[%clk 0:01:33]} 21. Rxd1 {[%clk 0:00:45]} Bd5
{[%clk 0:01:33]} 22. Rd3 {[%clk 0:00:27]} Re8 {[%clk 0:01:22]} 23. Bc5 {[%clk
0:00:24]} e4 {[%clk 0:01:12]} 24. fxe4 {[%clk 0:00:23]} Rxe4 {[%clk 0:01:13]} 25.
b3 {[%clk 0:00:16]} Kb7 {[%clk 0:01:03]} 26. c4 {[%clk 0:00:13]} Be6 {[%clk
0:01:05]} 27. Re3 {[%clk 0:00:08]} 1/2-1/2

[Event "Campeonato de España Blitz 2017"]
[Site "Linares"]
[Date "2017.08.12"]
[Round "7"]
[White "Alonso Rosell, Alvar"]
[Black "Tejedor Fuente, Enrique"]
[Result "0-1"]
[Board "5"]
[WhiteTitle "GM"]
[WhiteElo "2575"]
[WhiteCountry "ESP"]
[WhiteFideId "2270544"]
[WhiteEloChange "-7"]
[BlackTitle "FM"]
[BlackElo "2430"]
[BlackCountry "ESP"]
[BlackFideId "2299100"]
[BlackEloChange "7"]

1. d4 {[%clk 0:03:03]} Nf6 {[%clk 0:03:03]} 2. Nf3 {[%clk 0:02:54]} d6 {[%clk
0:03:01]} 3. c4 {[%clk 0:02:54]} Nbd7 {[%clk 0:02:58]} 4. Nc3 {[%clk 0:02:54]} e5
{[%clk 0:02:59]} 5. e4 {[%clk 0:03:04]} Be7 {[%clk 0:02:52]} 6. Be2 {[%clk
0:03:05]} O-O {[%clk 0:02:50]} 7. O-O {[%clk 0:02:56]} exd4 {[%clk 0:02:40]} 8.
Nxd4 {[%clk 0:03:06]} Re8 {[%clk 0:02:40]} 9. Re1 {[%clk 0:03:03]} Bf8 {[%clk
0:02:38]} 10. Bf1 {[%clk 0:03:02]} Nc5 {[%clk 0:02:33]} 11. f3 {[%clk 0:03:03]}
c6 {[%clk 0:02:24]} 12. Be3 {[%clk 0:02:42]} a5 {[%clk 0:02:23]} 13. Qd2 {[%clk
0:02:40]} Qc7 {[%clk 0:02:17]} 14. Nb3 {[%clk 0:02:31]} Ncd7 {[%clk 0:02:06]} 15.
Rad1 {[%clk 0:02:32]} a4 {[%clk 0:01:51]} 16. Nd4 {[%clk 0:02:25]} Nc5 {[%clk
0:01:46]} 17. Kh1 {[%clk 0:02:18]} Qa5 {[%clk 0:01:25]} 18. Nc2 {[%clk 0:02:02]}
Qb6 {[%clk 0:01:19]} 19. Rb1 {[%clk 0:01:46]} Nfd7 {[%clk 0:01:06]} 20. b4 {[%clk
0:01:44]} axb3 {[%clk 0:01:07]} 21. axb3 {[%clk 0:01:45]} Qc7 {[%clk 0:00:59]}
22. b4 {[%clk 0:01:42]} Ne6 {[%clk 0:00:57]} 23. Ra1 {[%clk 0:01:29]} Rxa1 {[%clk
0:00:45]} 24. Rxa1 {[%clk 0:01:30]} g6 {[%clk 0:00:46]} 25. Rd1 {[%clk 0:01:14]}
Ne5 {[%clk 0:00:47]} 26. Qf2 {[%clk 0:00:45]} Ng7 {[%clk 0:00:24]} 27. Na4 {[%clk
0:00:36]} Be6 {[%clk 0:00:15]} 28. Nb6 {[%clk 0:00:36]} f5 {[%clk 0:00:11]} 29.
Bf4 {[%clk 0:00:26]} fxe4 {[%clk 0:00:09]} 30. fxe4 {[%clk 0:00:27]} Bg4 31. Ra1
{[%clk 0:00:26]} Nh5 {[%clk 0:00:10]} 32. Be3 {[%clk 0:00:22]} Bg7 {[%clk
0:00:09]} 33. Bd4 {[%clk 0:00:15]} Be6 {[%clk 0:00:10]} 34. h3 {[%clk 0:00:15]}
Rf8 {[%clk 0:00:01]} 35. Qe1 {[%clk 0:00:10]} c5 {[%clk 0:00:07]} 36. Na8 {[%clk
0:00:06]} Qd8 {[%clk 0:00:04]} 37. bxc5 {[%clk 0:00:07]} Rxf1+ {[%clk 0:00:05]}
38. Qxf1 {[%clk 0:00:07]} Ng3+ {[%clk 0:00:06]} 39. Kg1 {[%clk 0:00:05]} Nxf1
{[%clk 0:00:07]} 40. Nb6 {[%clk 0:00:05]} Kf7 {[%clk 0:00:04]} 41. Rxf1+ {[%clk
0:00:04]} Ke7 {[%clk 0:00:06]} 42. Be3 {[%clk 0:00:04]} h6 {[%clk 0:00:07]} 43.
Rd1 {[%clk 0:00:03]} Nd7 {[%clk 0:00:04]} 44. cxd6+ {[%clk 0:00:03]} Ke8 {[%clk
0:00:06]} 45. Nd5 {[%clk 0:00:04]} Bxd5 {[%clk 0:00:05]} 46. exd5 {[%clk
0:00:05]} Qc8 {[%clk 0:00:05]} 47. Na3 {[%clk 0:00:05]} Bb2 48. Nb5 {[%clk
0:00:05]} Qxc4 49. Nc7+ {[%clk 0:00:05]} Kf7 50. Ne6 {[%clk 0:00:03]} Nf6 {[%clk
0:00:04]} 51. Nf4 {[%clk 0:00:03]} Be5 {[%clk 0:00:05]} 52. Nd3 {[%clk 0:00:04]}
Qxd5 {[%clk 0:00:05]} 53. d7 {[%clk 0:00:04]} Bc7 {[%clk 0:00:03]} 54. Nf2 {[%clk
0:00:04]} Qe6 {[%clk 0:00:04]} 55. Bf4 Bd8 {[%clk 0:00:05]} 56. Bxh6 Nxd7 {[%clk
0:00:05]} 57. Ng4 Bb6+ {[%clk 0:00:05]} 58. Kh1 {[%clk 0:00:06]} Ke8 {[%clk
0:00:07]} 59. Bg5 {[%clk 0:00:04]} Bd8 {[%clk 0:00:05]} 60. Bf4 {[%clk 0:00:04]}
Be7 {[%clk 0:00:05]} 61. Bg3 {[%clk 0:00:05]} Bb4 {[%clk 0:00:04]} 62. Rb1 {[%clk
0:00:05]} Qe4 {[%clk 0:00:04]} 63. Rd1 {[%clk 0:00:05]} Qc6 {[%clk 0:00:04]} 64.
Rb1 {[%clk 0:00:05]} Bc5 {[%clk 0:00:05]} 65. Re1+ {[%clk 0:00:05]} Kd8 {[%clk
0:00:05]} 66. Nh6 {[%clk 0:00:04]} Bd6 {[%clk 0:00:03]} 67. Nf7+ {[%clk 0:00:04]}
Kc8 {[%clk 0:00:03]} 68. Nxd6+ Kc7 {[%clk 0:00:04]} 69. Nc4+ Kd8 {[%clk 0:00:05]}
70. Bh4+ {[%clk 0:00:03]} Kc7 {[%clk 0:00:04]} 71. Bg3+ {[%clk 0:00:04]} Kd8
{[%clk 0:00:05]} 72. Bh4+ {[%clk 0:00:06]} Kc7 {[%clk 0:00:04]} 73. Bg3+ {[%clk
0:00:07]} Kd8 {[%clk 0:00:04]} 74. Nd6 {[%clk 0:00:08]} Nf6 75. Nf7+ {[%clk
0:00:08]} Kc8 {[%clk 0:00:05]} 76. Ne5 {[%clk 0:00:07]} Qc3 {[%clk 0:00:04]} 77.
Nxg6 {[%clk 0:00:06]} Qxg3 {[%clk 0:00:04]} 78. Ne7+ {[%clk 0:00:04]} Kd7 {[%clk
0:00:05]} 79. Re2 {[%clk 0:00:05]} Qd3 {[%clk 0:00:05]} 80. Re5 {[%clk 0:00:03]}
Qd1+ {[%clk 0:00:05]} 81. Kh2 {[%clk 0:00:05]} Kd6 82. Ng6 {[%clk 0:00:05]} Kc7
{[%clk 0:00:04]} 83. Rf5 {[%clk 0:00:05]} Qd6+ 84. Kh1 {[%clk 0:00:05]} Ne4
{[%clk 0:00:05]} 85. Rf7+ {[%clk 0:00:05]} Kb8 {[%clk 0:00:05]} 86. Nf4 {[%clk
0:00:05]} b5 {[%clk 0:00:07]} 87. Rf5 {[%clk 0:00:04]} Ng3+ {[%clk 0:00:07]} 0-1

[Event "Campeonato de España Blitz 2017"]
[Site "Linares"]
[Date "2017.08.12"]
[Round "7"]
[White "Valmana Canto, Jaime"]
[Black "Dvirnyy, Danyyil"]
[Result "0-1"]
[Board "6"]
[WhiteTitle "IM"]
[WhiteElo "2334"]
[WhiteCountry "ESP"]
[WhiteFideId "2268990"]
[WhiteEloChange "-4"]
[BlackTitle "GM"]
[BlackElo "2566"]
[BlackCountry "ITA"]
[BlackFideId "817570"]
[BlackEloChange "2"]

1. e4 {[%clk 0:03:02]} c6 {[%clk 0:03:03]} 2. d4 {[%clk 0:02:53]} d5 {[%clk
0:03:04]} 3. e5 {[%clk 0:03:03]} Bf5 {[%clk 0:03:05]} 4. h4 {[%clk 0:03:03]} h5
{[%clk 0:03:06]} 5. Bd3 {[%clk 0:03:03]} Bxd3 {[%clk 0:03:07]} 6. Qxd3 {[%clk
0:03:04]} Qa5+ {[%clk 0:03:09]} 7. Nd2 {[%clk 0:02:46]} e6 {[%clk 0:03:00]} 8.
Ne2 {[%clk 0:02:42]} Ne7 {[%clk 0:03:07]} 9. O-O {[%clk 0:02:33]} Nf5 {[%clk
0:03:08]} 10. Nf3 {[%clk 0:02:30]} Qa6 {[%clk 0:03:07]} 11. Qd1 {[%clk 0:02:25]}
c5 {[%clk 0:02:52]} 12. c3 {[%clk 0:01:51]} Nc6 {[%clk 0:02:53]} 13. Ng3 {[%clk
0:01:51]} g6 {[%clk 0:02:50]} 14. Nxf5 {[%clk 0:01:50]} gxf5 {[%clk 0:02:51]} 15.
Bg5 {[%clk 0:01:50]} cxd4 {[%clk 0:02:08]} 16. cxd4 {[%clk 0:01:51]} Be7 {[%clk
0:02:08]} 17. Qd2 {[%clk 0:01:35]} Kd7 {[%clk 0:00:49]} 18. a3 {[%clk 0:01:23]}
Qb6 {[%clk 0:00:35]} 19. b4 {[%clk 0:00:58]} Bxg5 {[%clk 0:00:29]} 20. Qxg5
{[%clk 0:00:49]} Nxd4 {[%clk 0:00:29]} 21. Nxd4 {[%clk 0:00:49]} Qxd4 {[%clk
0:00:30]} 22. Qf6 {[%clk 0:00:50]} Rh7 {[%clk 0:00:22]} 23. Rac1 {[%clk 0:00:44]}
Rg8 {[%clk 0:00:17]} 24. Rfd1 {[%clk 0:00:12]} Qe4 {[%clk 0:00:18]} 25. g3 {[%clk
0:00:04]} 0-1